Atlas económico de El Salvador

Información estadística y gráfica sobre la situación económica y social de El Salvador, básicamente entre 1967 y 1972 /ALLV

Furkejuvvon:
Bibliográfalaš dieđut
Searvvušdahkki: Banco Hipotecario de El Salvador
Materiálatiipa: Texto
Almmustuhtton: San Salvador: Banco Hipotecario de El Salvador
Fáttát:
Fáddágilkorat: Lasit fáddágilkoriid
Eai fáddágilkorat, Lasit vuosttaš fáddágilkora!

MARC

LEADER 00000 a a2200000 04500
001 19677
003
040
090 |a 078700  
110 |a Banco Hipotecario de El Salvador  
245 |a Atlas económico de El Salvador  
260 |a San Salvador:   |b Banco Hipotecario de El Salvador  
300 |a 181 p.  
520 |a Información estadística y gráfica sobre la situación económica y social de El Salvador, básicamente entre 1967 y 1972 /ALLV  
650 |a INDICADORES ECONOMICOS  
650 |a INDICADORES SOCIALES  
650 |a AMERICA CENTRAL  
999 |c 13135  |d 13135